The fourth gender: (Record no. 147169)
[ view plain ]
| 000 -LEADER | |
|---|---|
| fixed length control field | 00782nam a22002177a 4500 |
| 005 - DATE AND TIME OF LATEST TRANSACTION | |
| control field | 20230724162625.0 |
| 010 ## - LCCN (DPL NO) | |
| LC control number | ENG-121263 |
| 020 ## - INTERNATIONAL STANDARD BOOK NUMBER | |
| International Standard Book Number | 9789381496084 |
| Terms of availability | 175.00 |
| 035 ## - SYSTEM CONTROL NUMBER | |
| System control number | EN-104795 |
| 037 ## - SOURCE OF ACQUISITION | |
| Source of stock number/acquisition | DBAD/PUB |
| 082 ## - DEWEY DECIMAL CLASSIFICATION NUMBER | |
| Classification number | 331.4 |
| 100 ## - MAIN ENTRY--PERSONAL NAME | |
| Personal name | Kothari, Manu |
| 245 ## - TITLE STATEMENT | |
| Title | The fourth gender: |
| Remainder of title | humanity beyond female-male equality in thought, language and action/ |
| Statement of responsibility, etc | by Manu kothari, Jyoti Kothari [and] Lopa Mehta |
| 260 ## - PUBLICATION, DISTRIBUTION, ETC. (IMPRINT) | |
| Place of publication, distribution, etc | Mumbai |
| Name of publisher, distributor, etc | Bhalani Publishing House |
| Date of publication, distribution, etc | 2012 |
| 270 ## - ADDRESS | |
| Address | Bhalani Publishing House, 11 Mavawala Building Opp. K.E.M. Hospital Parel |
| City | Mumbai |
| Postal code | 400012 |
| 300 ## - PHYSICAL DESCRIPTION | |
| Extent | 124p. |
| Dimensions | 22cm(pbk) |
| 500 ## - GENERAL NOTE | |
| General note | Includes bibliographical References, and Index |
| 700 ## - ADDED ENTRY--PERSONAL NAME | |
| Personal name | Kothari, Jyoti |
| 700 ## - ADDED ENTRY--PERSONAL NAME | |
| Personal name | Mehta, Lopa |
| 942 ## - ADDED ENTRY ELEMENTS (KOHA) | |
| Source of classification or shelving scheme | Dewey Decimal Classification |
| Item type | English Books |
| Classification part | 331.4 |
| Call number suffix | KOT |
| Withdrawn status | Lost status | Not for loan | Collection code | Home library | Current library | Date acquired | Source of acquisition | Cost, normal purchase price | Full call number | Barcode | Copy number | Koha item type |
|---|---|---|---|---|---|---|---|---|---|---|---|---|
| Non-fiction | Narela | Narela | 06/11/2017 | DBAD/PUB | 199.00 | 331.4 KAH | EN-104795 | 1 | English Books |
